Lanean...

Programming in BASIC: problem solving with structure and style /

Xehetasun bibliografikoak
Egile nagusia: Venit, Stewart M.
Formatua: Printed Book
Argitaratua: Bombay : Jaico , 1987.
Gaiak:
LEADER 00610cam a2200181ua 4500
008 051209s1987 g b000 u Eng u
020 |c R 250 
044 |a   
082 1 4 |a 005.133 BAS M7 
100 1 |a Venit, Stewart M. 
245 0 0 |a Programming in BASIC: problem solving with structure and style /   |h Textual Documents 
260 |a Bombay : Jaico ,   |c 1987. 
300 |a  ;  
365 |a R 250 
650 0 |a Computer program language 
942 |c BK 
999 |c 104253  |d 104253 
952 |0 0  |1 0  |4 0  |6 005_133000000000000_BAS_M7  |7 0  |9 98894  |a SCS  |b SCS  |d 2014-06-26  |h R 250  |l 0  |o 005.133 BAS M7  |p SCS00577  |r 2014-06-26  |w 2014-06-26  |y BK